| 000 | 00510nam a2200193Ia 4500 | ||
|---|---|---|---|
| 008 | 140316s9999 xx 000 0 und d | ||
| 020 | _a9789380428840 | ||
| 082 |
_a620.5 _bPON/NA |
||
| 100 | _aPonnuswami,V | ||
| 245 | _aNano food packaging : a new post harvest venture | ||
| 260 |
_aDelhi _bNarendra publishing house _c2012 |
||
| 300 | _a190 | ||
| 650 | _aNanobiotechnology | ||
| 650 | _aNanotechnology | ||
| 700 | _aPadmadevi,K | ||
| 700 | _aPreethi,L | ||
| 700 | _aSelvakumari,P | ||
| 942 |
_2ddc _cBK |
||
| 999 |
_c12949 _d12949 |
||